00572nam a2200169Ia 450000500170000000800410001702000180005808200190007610000130009524500170010826000390012530000160016450001060018094200060028695200950029299900150038720250306030514.0240331s9999 xx 000 0 und d a9789558250402 bDOM26404a920 aJeewa, D 0aMun Mugangal aColombo 13bMallikai Panthalc2007 avi, 220 p., aA research done on various Sri Lankan Tamil literary scholars, about their achievements in the field. cL 001040708LaWERCLbWERCLcSSCd2024-03-31l0o 920 DOMp6404r2024-03-31w2024-03-31yL c4691d4691